Clickable Rhyme Blitz Quiz Stats

 Plays Quiz Updated Dec 28, 2014

Score 0/34 Timer 03:00
1 Play Today
% Correct
Cur
84.6%
Tough
83.5%
Clause
82.1%
Clue
81.3%
Worth
81.1%
Growl
80.4%
Freight
79.7%
Deign
79.1%
Where
78.9%
Socks
78.7%
Womb
78.5%
Queer
78.3%
Jazz
73.7%
Days
73%
Know
68.5%
Bowled
68.2%
Fruit
66.1%
% Correct
Bard
64.5%
Stall
64.4%
Sprayed
64.4%
Parrot
62.5%
Deck
61.9%
Word
58.1%
Trellis
54.3%
Gel
51.9%
Chased
48.9%
Tic
46.9%
Colonel
44.3%
Climb
44.2%
Coward
41.6%
Tanker
38.8%
Wraith
37.2%
Cede
34.4%
Ease
34.1%

You're not logged in!

Compare scores with friends on all Sporcle quizzes.
OR
Log In

Show Comments

Extras

Top Quizzes Today


Score Distribution

Your Account Isn't Verified!

In order to create a playlist on Sporcle, you need to verify the email address you used during registration. Go to your Sporcle Settings to finish the process.

Report this User

Report this user for behavior that violates our Community Guidelines.

Details: